000 00834nam a2200229Ii 4500
003 JO-AjNU
008 230605s9999||||xx |||||||||||||| ||und||
017 _a2009/19423
020 _a978-977-422-180-6
040 _aJO-AjNU
_bara
_erda
_cJO-AjNU
041 _aara
050 1 4 _aHG230.3.A457 2010
100 3 _aعامر، وحيد مهدي,
_eauthor
_932773
245 0 0 _aالسياسات النقدية والمالية والاستقرار الاقتصادي (النظرية والتطبيق)
250 _aط1
264 3 1 _aالاسكندرية: الدار الجامعية، 2010
300 _a309ص
_bيحتوي على ببلوغرافية من 305-309ص
336 _atext
_btxt
_2rdacontent
337 _aunmediated
_bn
_2rdamedia
338 _avolume
_bnc
_2rdacarrier
650 4 _aالسياسة النقدية
_932774
999 _aA13269
_c16837
_d16837